|
|
|
|
| LEADER |
01701nam a2200445Ia 4500 |
| 001 |
EBC1109731 |
| 003 |
MiAaPQ |
| 005 |
20200520144314.0 |
| 006 |
m o d | |
| 007 |
cr cn||||||||| |
| 008 |
120809s2012 dcub sb 000 0 eng d |
| 010 |
|
|
|z 2012031325
|
| 020 |
|
|
|z 9780821397138
|
| 020 |
|
|
|z 9780821397145
|
| 035 |
|
|
|a (MiAaPQ)EBC1109731
|
| 035 |
|
|
|a (Au-PeEL)EBL1109731
|
| 035 |
|
|
|a (CaPaEBR)ebr10626513
|
| 035 |
|
|
|a (CaONFJC)MIL414789
|
| 035 |
|
|
|a (OCoLC)819083340
|
| 040 |
|
|
|a MiAaPQ
|c MiAaPQ
|d MiAaPQ
|
| 043 |
|
|
|a d------
|
| 050 |
|
4 |
|a HJ7390
|b .R44 2012
|
| 082 |
0 |
4 |
|a 352.4/4091724
|2 23
|
| 245 |
0 |
0 |
|a Reform by numbers
|h [electronic resource] :
|b measurement applied to customs and tax administrations in developing countries /
|c edited by Thomas Cantens, Robert Ireland, Gael Raballand.
|
| 260 |
|
|
|a Washington, D.C. :
|b World Bank,
|c 2012.
|
| 300 |
|
|
|a xix, 151 p. :
|b map.
|
| 490 |
1 |
|
|a Directions in development
|
| 504 |
|
|
|a Includes bibliographical references.
|
| 533 |
|
|
|a Electronic reproduction. Ann Arbor, MI : ProQuest, 2015. Available via World Wide Web. Access may be limited to ProQuest affiliated libraries.
|
| 650 |
|
0 |
|a Customs administration
|z Developing countries.
|
| 650 |
|
0 |
|a Taxation
|z Developing countries.
|
| 650 |
|
0 |
|a Tax administration and procedure
|z Developing countries.
|
| 655 |
|
4 |
|a Electronic books.
|
| 700 |
1 |
|
|a Cantens, Thomas.
|
| 700 |
1 |
|
|a Ireland, Robert.
|
| 700 |
1 |
|
|a Raballand, Gael.
|
| 710 |
2 |
|
|a World Bank.
|
| 710 |
2 |
|
|a ProQuest (Firm)
|
| 830 |
|
0 |
|a Directions in development (Washington, D.C.).
|p Trade.
|
| 856 |
4 |
0 |
|u https://ebookcentral.proquest.com/lib/matrademy/detail.action?docID=1109731
|z Click to View
|